Statistics for 100 Largest Cities/Towns in each Nordic Country

Click here to take the quiz!

General Stats

  • This quiz has been taken 995 times
    (969 since last reset)
  • The average score is 69 of 500

Answer Stats

Country#Cities/Towns% Correct
Finland1Helsinki
94%
Sweden1Stockholm
94%
Norway1Oslo
92%
Sweden3Malmö
90%
Iceland1Reykjavík
90%
Denmark1Copenhagen
89%
Sweden2Gothenburg
89%
Norway2Bergen
85%
Finland4Oulu
81%
Finland2Tampere
79%
Finland3Turku
78%
Sweden4Uppsala
78%
Denmark2Aarhus
75%
Norway4Trondheim
71%
Denmark4Aalborg
69%
Denmark3Odense
67%
Norway3Stavanger / Sandnes
64%
Sweden9Jönköping
60%
Norway16Tromsø
60%
Norway8 Kristiansand
58%
Sweden8Helsingborg
56%
Sweden7Linköping
56%
Finland13Rovaniemi
54%
Norway24Lillehammer
53%
Sweden12Umeå
53%
Sweden6Örebro
51%
Finland5 Jyväskylä
47%
Finland9 Vaasa
47%
Finland6Lahti
46%
Sweden10Norrköping
46%
Sweden14Gävle
44%
Sweden5Västerås
44%
Sweden23Luleå
43%
Sweden11Lund
43%
Sweden52Visby
42%
Norway5Drammen
40%
Iceland4Akureyri
39%
Norway6Fredrikstad / Sarpsborg
39%
Finland8Kuopio
39%
Finland7Pori
39%
Sweden29Kalmar
38%
Sweden19Karlstad
38%
Norway15Bodø
36%
Denmark5Esbjerg
36%
Norway70 Hammerfest
36%
Iceland5Keflavík
36%
Sweden13Borås
35%
Sweden71Kiruna
35%
Sweden27Kristianstad
35%
Sweden18Växjö
35%
Norway9Ålesund
33%
Finland10Joensuu
33%
Sweden21Östersund
33%
Denmark10Roskilde
33%
Sweden20Sundsvall
33%
Sweden15Eskilstuna
32%
Sweden31Karlskrona
32%
Finland11Lappeenranta
32%
Norway36 Narvik
32%
Sweden32Skellefteå
32%
Finland34Tornio
32%
Sweden17Halmstad
29%
Sweden55Piteå
29%
Finland18Porvoo
29%
Sweden16Södertälje
29%
Sweden22Trollhättan
29%
Sweden64Ystad
29%
Sweden28Falun
28%
Finland27Kemi
28%
Norway27Ski
28%
Denmark13Helsingør
26%
Finland12Kotka
26%
Finland41Mariehamn
26%
Sweden41Trelleborg
26%
Finland90Jokela (Kouvola)
25%
Finland32Kirkkonummi
25%
Finland20Kokkola
25%
Finland14Kouvola
25%
Sweden40Motala
25%
Norway7Skien / Porsgrunn
25%
Sweden30Skövde
25%
Sweden35Varberg
25%
Sweden24Borlänge
24%
Finland15Hämeenlinna
24%
Sweden67Köping
24%
Sweden36Landskrona
24%
Sweden46Lidköping
24%
Norway23Molde
24%
Sweden38Nyköping
24%
Denmark6 Randers
24%
Sweden33Uddevalla
24%
Denmark9Vejle
24%
Sweden49Falkenberg
22%
Sweden60Karlshamn
22%
Norway29Kristiansund
22%
Finland19Mikkeli
22%
Denmark49Rønne
22%
Finland16Seinäjoki
22%
Sweden47Alingsås
21%
Norway56Ås
21%
Denmark100Billund
21%
Sweden56Enköping
21%
Finland30Jakobstad
21%
Finland23Kajaani
21%
Sweden69Oskarshamn
21%
Sweden62Värnamo
21%
Sweden58Västervik
21%
Norway34Alta
19%
Iceland82Borg
19%
Sweden63Eslöv
19%
Finland36Hamina
19%
Denmark8Horsens
19%
Sweden44Karlskoga
19%
Iceland2Kópavogur
19%
Sweden50Kungälv
19%
Finland22Lohja
19%
Norway28Mo i Rana
19%
Sweden59Norrtälje
19%
Sweden48Sandviken
19%
Sweden53Vänersborg
19%
Sweden65Boden
18%
Norway17Hamar
18%
Sweden61Hässleholm
18%
Norway12Haugesund
18%
Finland25Imatra
18%
Denmark7Kolding
18%
Norway11Moss
18%
Sweden39Vallentuna
18%
Norway18Halden
17%
Sweden68Härnösand
17%
Norway22Harstad
17%
Finland17Hyvinkää
17%
Sweden51Katrineholm
17%
Denmark18Køge
17%
Finland56Kuusamo
17%
Sweden77Mariestad
17%
Sweden43Märsta
17%
Sweden37Örnsköldsvik
17%
Finland21Rauma
17%
Finland24Salo
17%
Norway14Sandefjord
17%
Denmark17Viborg
17%
Sweden42Ängelholm - Vejbystrand
15%
Denmark27Frederikshavn
15%
Iceland3Hafnarfjörður
15%
Denmark11Herning
15%
Sweden78Hudiksvall
15%
Sweden66Kristinehamn
15%
Sweden45Lerum
15%
Finland26Riihimäki
15%
Sweden95Sala
15%
Finland28Savonlinna
15%
Denmark14Silkeborg
15%
Norway13 Arendal
14%
Sweden89Arvika
14%
Sweden73Falköping
14%
Finland29Forssa
14%
Denmark16Fredericia
14%
Iceland21 Höfn
14%
Denmark19Holstebro
14%
Norway21Kongsberg
14%
Norway19Larvik
14%
Sweden25Lidingö
14%
Finland69 Loviisa
14%
Sweden70Nässjö
14%
Finland70 Nurmijärvi
14%
Sweden86Nynäshamn
14%
Finland33 Raahe
14%
Denmark79Skagen
14%
Denmark24Sønderborg
14%
Norway45Steinkjer
14%
Iceland48Vík
14%
Sweden34Åkersberga
13%
Sweden76Avesta
13%
Finland58 Hanko
13%
Sweden80Ludvika
13%
Denmark15Næstved
13%
Denmark38Nykøbing (Falster)
13%
Denmark69Nykøbing (Mors)
13%
Iceland8Selfoss
13%
Norway10Tønsberg
13%
Sweden26Tumba
13%
Norway47Kongsvinger
11%
Norway64 Namsos
11%
Sweden100Ronneby
11%
Denmark21Slagelse
11%
Finland31Varkaus
11%
Sweden93Vetlanda
11%
Iceland9Akranes
10%
Sweden91Bollnäs
10%
Norway35Elverum
10%
Norway85 Fauske
10%
Norway63Florø
10%
Norway43Grimstad
10%
Iceland12 Grindavík
10%
Finland38 Heinola
10%
Denmark26Hjørring
10%
Iceland18Húsavík
10%
Iceland13 Ísafjörður
10%
Finland40Jämsä
10%
Sweden75Kumla
10%
Norway57 Levanger
10%
Norway73Lillesand
10%
Denmark45Middelfart
10%
Sweden98Mjölby
10%
Denmark37Nyborg
10%
Denmark75Ribe
10%
Sweden90Strängnäs
10%
Denmark50Thisted
10%
Denmark85Tønder
10%
Denmark42Aabenraa
8%
Norway49Egersund
8%
Iceland17Egilsstaðir
8%
Finland55Ekenäs
8%
Norway55 Førde
8%
Norway26 Gjøvik
8%
Sweden57Gustavsberg - Hemmesta
8%
Norway33 Hønefoss
8%
Denmark12Hørsholm
8%
Finland63 Lieksa
8%
Sweden79Ljungby
8%
Finland52Loimaa
8%
Norway54Mandal
8%
Finland46Mäntsälä
8%
Denmark65Ringkøbing
8%
Iceland40Seyðisfjörður
8%
Denmark36Skanderborg
8%
Denmark25Svendborg
8%
Finland44Ylivieska
8%
Norway37Askim
7%
Norway20Askøy
7%
Sweden88Bålsta
7%
Sweden54Björlanda - Torslanda
7%
Iceland19Borgarnes
7%
Norway48Bryne
7%
Sweden99Finspång
7%
Denmark46Grenaa
7%
Denmark30Haderslev
7%
Denmark22Hillerød
7%
Denmark23Holbæk
7%
Norway25Horten
7%
Finland37Iisalmi
7%
Norway31Jessheim
7%
Denmark40Kalundborg
7%
Finland82Keuruu
7%
Sweden83Kinna
7%
Denmark47Korsør
7%
Norway96Kragerø
7%
Norway60Mosjøen
7%
Norway81Mysen
7%
Sweden96Nybro
7%
Norway76Ørsta
7%
Finland50Pargas
7%
Norway75Raufoss
7%
Denmark29Ringsted
7%
Denmark32Skive
7%
Sweden81Staffanstorp
7%
Sweden94Stenungsund
7%
Sweden87Tranås
7%
Finland49Uusikaupunki
7%
Norway42Vennesla
7%
Norway84Volda
7%
Finland53Äänekoski
6%
Denmark76Aars
6%
Denmark33Birkerød
6%
Norway40Drøbak
6%
Denmark94Faaborg
6%
Norway71 Fetsund
6%
Denmark41Frederikssund
6%
Denmark66 Grindsted
6%
Iceland84Hafnir
6%
Sweden84Höganäs
6%
Denmark44Ikast
6%
Norway79Jørpeland
6%
Norway38Leirvik
6%
Norway91Melhus
6%
Sweden72Mölnlycke
6%
Denmark80Nivå
6%
Finland96Nivala
6%
Denmark28Nørresundby
6%
Finland99Nurmes
6%
Norway69 Orkanger/Fannrem
6%
Finland39Pieksämäki
6%
Norway41Råholt
6%
Norway90Sandnessjøen
6%
Norway61Søgne
6%
Norway46 Stjørdalshalsen
6%
Denmark20Taastrup
6%
Finland57 Toijala
6%
Norway94Tranby
6%
Norway88Ulsteinvik
6%
Finland35Valkeakoski
6%
Sweden74Västerhaninge
6%
Denmark67Vejen
6%
Norway68 Verdalsøra
6%
Denmark87 Vojens
6%
Norway59Arna
4%
Denmark73Beder-Malling
4%
Iceland33 Bolungarvík
4%
Denmark93Bramming
4%
Norway58Brumunddal
4%
Iceland25Dalvík
4%
Iceland51 Djúpivogur
4%
Denmark55 Dragør
4%
Denmark90Ebeltoft
4%
Iceland44 Eyrarbakki
4%
Denmark34Farum
4%
Iceland71Flateyri
4%
Norway89 Flekkefjord
4%
Iceland55Grenivík
4%
Denmark61Haslev
4%
Iceland83Hauganes
4%
Iceland34Hella
4%
Denmark58Hobro
4%
Iceland75Hofsós
4%
Iceland90Hólar
4%
Iceland74 Hrísey
4%
Finland79 Kalajoki
4%
Finland62Kankaanpää
4%
Finland54 Kauhajoki
4%
Finland92 Kauhava
4%
Norway50 Kopervik
4%
Norway30Korsvik
4%
Finland88Kurikka
4%
Finland47Lapua
4%
Iceland85Laugar
4%
Iceland81 Laugarás
4%
Denmark96Lemvig
4%
Denmark39Lillerød
4%
Denmark52Nakskov
4%
Norway44 Nesoddtangen
4%
Iceland31 Ólafsvík
4%
Iceland77Rif
4%
Norway95Rotnes
4%
Denmark70Sæby
4%
Iceland10Seltjarnarnes
4%
Denmark43 Solrød Strand
4%
Norway93Stavern
4%
Denmark31Stenløse
4%
Denmark63Struer
4%
Iceland29Stykkishólmur
4%
Finland98 Suonenjoki
4%
Norway32 Tromsdalen
4%
Finland48 Vammala
4%
Denmark48Varde
4%
Iceland11Vestmannaeyjar
4%
Iceland28Vogar
4%
Denmark56Vordingborg
4%
Norway86Vossevangen
4%
Norway66 Åkrehamn
3%
Iceland14 Álftanes
3%
Norway52Ålgård/Figgjo
3%
Norway83Åmot/Geithus
3%
Iceland70Bifröst
3%
Iceland63Bíldudalur
3%
Denmark88Bjerringbro
3%
Iceland36Blönduós
3%
Denmark92Brande
3%
Denmark53 Brønderslev
3%
Iceland94 Drangsnes
3%
Denmark72Fredensborg
3%
Denmark54 Frederiksværk
3%
Denmark74 Galten-Skovby
3%
Iceland6Garðabær
3%
Denmark98Gilleleje
3%
Iceland41 Grundarhverfi
3%
Denmark78Hadsten
3%
Denmark95 Hammel
3%
Denmark57Hedehusene-Fløng
3%
Denmark60 Hedensted-Løsning
3%
Denmark77 Helsinge
3%
Denmark86Hinnerup
3%
Iceland65Hnífsdalur
3%
Iceland54 Hólmavík
3%
Norway77 Holmestrand
3%
Denmark84Hørning
3%
Denmark68Humlebæk
3%
Denmark71 Hundested
3%
Denmark64Jyllinge
3%
Finland61Karis
3%
Finland65Karkkila
3%
Iceland72Kirkjubæjarklaustur
3%
Norway65 Kleppe/Verdalen
3%
Norway72Kløfta
3%
Norway53 Knarrevik/Straume
3%
Norway99 Knarvik
3%
Iceland80Kópasker
3%
Finland91 Kuhmo
3%
Norway67Kvaløysletta
3%
Iceland67 Laugarvatn
3%
Finland67Laukaa
3%
Denmark82Løgten-Skødstrup
3%
Denmark62Lystrup
3%
Iceland7Mosfellsbær
3%
Norway80Nærbø
3%
Finland43 Nastola
3%
Iceland24Neskaupstaður
3%
Norway62Notodden
3%
Denmark59Odder
3%
Finland51Orimattila
3%
Finland84Orivesi
3%
Norway39 Osøyro
3%
Finland93 Oulainen
3%
Iceland78 Reykhólar
3%
Iceland59Reykholt
3%
Iceland27Siglufjörður
3%
Finland45 Siilinjärvi
3%
Denmark99Skælskør
3%
Denmark83Skjern
3%
Sweden92Skoghall
3%
Denmark97Slangerup
3%
Denmark35Smørumnedre
3%
Denmark81Sorø
3%
Norway98 Spydeberg
3%
Denmark89Støvring
3%
Denmark91Svenstrup
3%
Norway82 Tananger
3%
Denmark51Værløse
3%
Norway92 Bekkelaget
1%
Sweden85Billdal
1%
Iceland95Borgarfjörður eystri
1%
Iceland93Brúnahlíð
1%
Iceland58Búðardalur
1%
Sweden97Bunkeflostrand
1%
Iceland30Eskifjörður
1%
Finland78 Eura
1%
Iceland38 Fáskrúðsfjörður
1%
Iceland49Fellabær
1%
Iceland47Flúðir
1%
Norway100 Førdesfjorden
1%
Iceland23 Garður
1%
Iceland35Grundarfjörður
1%
Iceland50Hellissandur
1%
Norway87Hommersåk
1%
Iceland60 Hrafnagil
1%
Iceland42Hvammstangi
1%
Iceland56Hvanneyri
1%
Iceland16 Hveragerði
1%
Iceland32Hvolsvöllur
1%
Iceland100Innnes
1%
Finland86Jokela
1%
Finland72 Joutseno
1%
Norway74 Kvernaland
1%
Finland76Lauttakylä
1%
Norway51Lommedalen
1%
Finland59Mänttä
1%
Finland71Muurame
1%
Finland42Nummela
1%
Iceland37 Ólafsfjörður
1%
Finland60Paimio
1%
Iceland39Patreksfjörður
1%
Iceland98Rauðalækur
1%
Iceland68 Raufarhöfn
1%
Iceland26Reyðarfjörður
1%
Iceland66Reykjahlíð
1%
Norway97Sætre
1%
Iceland20Sandgerði
1%
Iceland15Sauðárkrókur
1%
Iceland46 Skagaströnd
1%
Iceland92 Sólheimar
1%
Iceland69Stöðvarfjörður
1%
Iceland43 Stokkseyri
1%
Iceland73 Súðavík
1%
Iceland61Suðureyri
1%
Iceland53 Svalbarðseyri
1%
Iceland62Tálknafjörður
1%
Iceland57 Þingeyri
1%
Iceland22Þorlákshöfn
1%
Finland94Viiala
1%
Iceland45 Vopnafjörður
1%
Iceland96 Árbæjarhverfi
0%
Iceland88Árskógssandur
0%
Iceland99Bakkafjörður
0%
Iceland97 Brautarholt
0%
Iceland76Breiðdalsvík
0%
Iceland64Byggðakjarni
0%
Sweden82Höllviken - Ljunghusen
0%
Finland83Iin Hamina
0%
Finland68 Ilmajoki
0%
Finland100Inkeroinen
0%
Finland97 Kiiminki
0%
Finland75Kyläsaari
0%
Finland74Kyröskoski
0%
Finland80 Laihia
0%
Iceland89Lónsbakki
0%
Iceland86Melahverfi
0%
Norway78Molvik
0%
Finland73Muhos
0%
Finland87Myllykoski
0%
Iceland91Nesjahverfi
0%
Finland77Parola
0%
Finland85Rajamäki
0%
Finland66Söderkulla
0%
Iceland52 Þórshöfn
0%
Iceland87Tjarnabyggð
0%
Finland95Toivala-Vuorela
0%
Finland64Turenki
0%
Iceland79Varmahlíð
0%
Finland81Veikkola
0%
Finland89 Vuokatti
0%

Score Distribution

Percentile by Number Answered

Percent of People with Each Score

Your Score History

You have not taken this quiz since the last reset